[Event "ROM-ch U18 Girls"]
[Site "Calimanesti Caciulata"]
[Date "2016.04.24"]
[Round "8"]
[White "Cusmuliuc, Diana Elena"]
[Black "Angheluta, Raluca"]
[Result "1-0"]
[WhiteElo "1931"]
[BlackElo "1465"]
[PlyCount "61"]
[EventDate "2016.04.18"]
[EventType "swiss"]
[EventRounds "9"]
[EventCountry "ROU"]
[SourceTitle "CBM 172 Extra"]
[Source "ChessBase"]
[SourceDate "2016.06.21"]
[SourceVersion "1"]
[SourceVersionDate "2016.06.21"]
[SourceQuality "1"]

1. e4 d5 2. exd5 Qxd5 3. Nc3 Qa5 4. d4 c6 5. Nf3 Bg4 6. Bc4 e6 7. Bd2 Qc7 8. h3 Bxf3 9. Qxf3 Nf6 10. 0-0-0 Nbd7 11. Rhe1 0-0-0 12. Bb3 Nb6 13. Bg5 Be7 14. Kb1 h6 15. Bh4 Rhf8 16. g4 Nfd5 17. Bxe7 Qxe7 18. Ne4 Nc7 19. Qg3 Nb5 20. c3 Qc7 21. f4 Nd6 22. Nc5 Ndc4 23. Qd3 Na5 24. Bxe6+ Kb8 25. f5 fxe6 26. Nxe6 Qd6 27. Nxf8 Rxf8 28. Re6 Qd7 29. Rde1 Nd5 30. b4 Kc8 31. R1e4 1-0

[Event "ROM-ch U18 Girls"]
[Site "Calimanesti Caciulata"]
[Date "2016.04.22"]
[Round "6"]
[White "Bitica, Stefania"]
[Black "Angheluta, Raluca"]
[Result "0-1"]
[WhiteElo "1411"]
[BlackElo "1465"]
[PlyCount "64"]
[EventDate "2016.04.18"]
[EventType "swiss"]
[EventRounds "9"]
[EventCountry "ROU"]
[SourceTitle "CBM 172 Extra"]
[Source "ChessBase"]
[SourceDate "2016.06.21"]
[SourceVersion "1"]
[SourceVersionDate "2016.06.21"]
[SourceQuality "1"]

1. d4 Nf6 2. c4 e6 3. Nf3 b6 4. Nc3 Bb7 5. e3 d5 6. Bd3 Bd6 7. 0-0 0-0 8. b3 c5 9. Bb2 Nbd7 10. Rc1 Qc7 11. Nb5 Rfc8 12. Ne5 Ba6 13. cxd5 Bxe5 14. d6 Bxd6 15. Nxd6 Qxd6 16. Bxa6 Rd8 17. Qc2 Rab8 18. Bd3 cxd4 19. Bxd4 e5 20. Bb2 Nc5 21. Bc4 Nce4 22. Rfd1 Qe7 23. Bd3 Ng5 24. Qc3 e4 25. Bc4 Rxd1+ 26. Rxd1 Rd8 27. Rxd8+ Qxd8 28. h3 h6 29. h4 Ne6 30. Bxe6 fxe6 31. Qe5 Qd1+ 32. Kh2 Ng4+ 0-1

[Event "ROM-ch U18 Girls"]
[Site "Calimanesti Caciulata"]
[Date "2016.04.18"]
[Round "1"]
[White "Ardelean, Lorela Daniela"]
[Black "Angheluta, Raluca"]
[Result "1-0"]
[WhiteElo "1713"]
[BlackElo "1465"]
[PlyCount "77"]
[EventDate "2016.04.18"]
[EventType "swiss"]
[EventRounds "9"]
[EventCountry "ROU"]
[SourceTitle "CBM 172 Extra"]
[Source "ChessBase"]
[SourceDate "2016.06.21"]
[SourceVersion "1"]
[SourceVersionDate "2016.06.21"]
[SourceQuality "1"]

1. e4 d5 2. exd5 Qxd5 3. Nc3 Qa5 4. d4 c6 5. Bd2 Qc7 6. Bc4 Bf5 7. Nge2 e6 8. f3 Bd6 9. Be3 Nf6 10. Qd2 Nbd7 11. 0-0-0 Nd5 12. Nxd5 cxd5 13. Bb5 Rc8 14. Bd3 Bxd3 15. Qxd3 Qa5 16. Kb1 0-0 17. g4 Rc6 18. h4 Rfc8 19. Rd2 Nb6 20. Nc1 Nc4 21. Rg2 Ra6 22. Bd2 Qb5 23. Bc3 Rcc6 24. Ka1 Bb4 25. Bxb4 Qxb4 26. c3 Qa5 27. h5 b5 28. b4 Qa3 29. Rc2 Nd6 30. Kb1 Qa4 31. Nb3 Rab6 32. Nc5 Qa3 33. Rb2 Nb7 34. Rb3 Nxc5 35. dxc5 Qa4 36. cxb6 Rxb6 37. g5 a5 38. Qd4 Rc6 39. h6 1-0

[Event "ROM-ch U16 Girls"]
[Site "Calimanesti"]
[Date "2015.04.06"]
[Round "9"]
[White "Cimpean, Andra"]
[Black "Angheluta, Raluca"]
[Result "1-0"]
[WhiteElo "1884"]
[BlackElo "1323"]
[PlyCount "61"]
[EventDate "2015.03.30"]
[EventType "swiss"]
[EventRounds "9"]
[EventCountry "ROU"]
[SourceTitle "CBM 165 Extra"]
[Source "ChessBase"]
[SourceDate "2015.04.21"]
[SourceVersion "1"]
[SourceVersionDate "2015.04.21"]
[SourceQuality "1"]

1. e4 d5 2. exd5 Qxd5 3. Nc3 Qa5 4. d4 c6 5. Bd2 Qc7 6. Nf3 Bg4 7. h3 Bh5 8. g4 Bg6 9. Ne5 Nd7 10. f4 Nxe5 11. dxe5 h6 12. Bc4 e6 13. Bb3 0-0-0 14. Qe2 Bb4 15. 0-0-0 Ne7 16. a3 Ba5 17. Ba2 Rd7 18. b4 Bb6 19. Na4 Rd4 20. Bb1 Rhd8 21. c3 Bd3 22. Bxd3 Rxd3 23. Nb2 R3d7 24. Nc4 Rf8 25. Nd6+ Kb8 26. c4 a6 27. Bc3 c5 28. b5 Nc8 29. a4 Nxd6 30. exd6 Rxd6 31. Rxd6 1-0

[Event "ROM-ch U16 Girls"]
[Site "Calimanesti"]
[Date "2015.04.01"]
[Round "3"]
[White "Bejan, Clarisa Iustina"]
[Black "Angheluta, Raluca"]
[Result "0-1"]
[WhiteElo "1590"]
[BlackElo "1323"]
[PlyCount "96"]
[EventDate "2015.03.30"]
[EventType "swiss"]
[EventRounds "9"]
[EventCountry "ROU"]
[SourceTitle "CBM 165 Extra"]
[Source "ChessBase"]
[SourceDate "2015.04.21"]
[SourceVersion "1"]
[SourceVersionDate "2015.04.21"]
[SourceQuality "1"]

1. d4 d5 2. c4 e6 3. e3 b6 4. Nf3 Nd7 5. Nc3 Ngf6 6. Bd3 Bd6 7. e4 dxe4 8. Nxe4 Bb7 9. Nc3 0-0 10. 0-0 c5 11. Be2 Qc7 12. h3 Rad8 13. Nb5 Qb8 14. Qa4 a6 15. Nxd6 Qxd6 16. dxc5 Nxc5 17. Qa3 h6 18. Be3 Nce4 19. Qxd6 Rxd6 20. Rfd1 Rc8 21. Ne5 Rxd1+ 22. Rxd1 Nc5 23. Rd6 Na4 24. Bd4 Ne8 25. Rd7 Rc7 26. Rd8 Rc8 27. Nc6 Rxd8 28. Nxd8 Ba8 29. Bf3 Bxf3 30. gxf3 Kf8 31. Nc6 f6 32. Nb4 e5 33. Bc3 Nxc3 34. bxc3 Nc7 35. Nd5 Nxd5 36. cxd5 b5 37. Kf1 Ke7 38. Ke2 Kd6 39. Kd3 Kxd5 40. a3 g5 41. Ke3 f5 42. f4 exf4+ 43. Kd3 h5 44. f3 g4 45. hxg4 hxg4 46. fxg4 fxg4 47. Ke2 Kc4 48. Kf2 Kxc3 0-1

[Event "ROM-ch U16 Girls"]
[Site "Calimanesti"]
[Date "2015.03.31"]
[Round "2"]
[White "Angheluta, Raluca"]
[Black "Trimbitaru, Cornelia"]
[Result "1-0"]
[WhiteElo "1323"]
[BlackElo "1449"]
[PlyCount "159"]
[EventDate "2015.03.30"]
[EventType "swiss"]
[EventRounds "9"]
[EventCountry "ROU"]
[SourceTitle "CBM 165 Extra"]
[Source "ChessBase"]
[SourceDate "2015.04.21"]
[SourceVersion "1"]
[SourceVersionDate "2015.04.21"]
[SourceQuality "1"]

1. c4 c5 2. Nc3 Nc6 3. e4 g6 4. g3 Bg7 5. Nge2 e6 6. Bg2 Nge7 7. 0-0 a6 8. b3 d6 9. Rb1 Bd7 10. d3 Rb8 11. a4 0-0 12. Ba3 Qa5 13. Qc1 Nb4 14. Rd1 Nec6 15. Qd2 Rfe8 16. Kh1 Rf8 17. Bb2 Qb6 18. Rf1 Rfe8 19. h3 Rf8 20. Kh2 Rfe8 21. Rfe1 Rf8 22. Na2 Bxb2 23. Nxb4 Qxb4 24. Qxb2 e5 25. f4 f6 26. Rf1 Na5 27. Nc3 Bc6 28. Rf2 Rf7 29. h4 h6 30. Bh3 Re8 31. Qc1 Kg7 32. fxe5 dxe5 33. Nd5 Bxd5 34. cxd5 Rd8 35. Qd2 Qxd2 36. Rxd2 b6 37. b4 cxb4 38. Rxb4 Rd6 39. Rc2 Re7 40. Rc8 Ra7 41. Rb1 Kh7 42. Rbc1 Kg7 43. R1c7+ Rxc7 44. Rxc7+ Kh8 45. Bc8 b5 46. axb5 axb5 47. Rc5 Rb6 48. Bd7 Nb7 49. Rxb5 Rxb5 50. Bxb5 Nd6 51. Bd7 Kg8 52. Kg2 Kf8 53. Kf3 Ke7 54. Be6 Kf8 55. Ke3 Ke7 56. d4 Kf8 57. dxe5 fxe5 58. Kf3 Kg7 59. g4 g5 60. hxg5 hxg5 61. Ke3 Kf6 62. Kd3 Ke7 63. Bf5 Kd8 64. Kc3 Kc7 65. Kb4 Kb6 66. Bg6 Kb7 67. Kc5 Kc7 68. Bf5 Nb7+ 69. Kb5 Nd6+ 70. Ka6 Kd8 71. Kb6 Ke8 72. Kc6 Nxf5 73. exf5 e4 74. d6 e3 75. d7+ Kd8 76. f6 e2 77. f7 Ke7 78. f8Q+ Kxf8 79. d8Q+ Kf7 80. Qd2 1-0

[Event "ROM-ch U16 Girls"]
[Site "Calimanesti"]
[Date "2015.03.30"]
[Round "1"]
[White "Toba, Andreea Valentina"]
[Black "Angheluta, Raluca"]
[Result "1-0"]
[WhiteElo "1548"]
[BlackElo "1323"]
[PlyCount "83"]
[EventDate "2015.03.30"]
[EventType "swiss"]
[EventRounds "9"]
[EventCountry "ROU"]
[SourceTitle "CBM 165 Extra"]
[Source "ChessBase"]
[SourceDate "2015.04.21"]
[SourceVersion "1"]
[SourceVersionDate "2015.04.21"]
[SourceQuality "1"]

1. e4 d5 2. exd5 Qxd5 3. Nc3 Qa5 4. d4 c6 5. Bc4 Nf6 6. Nf3 Bf5 7. Bd2 Qc7 8. Ne5 e6 9. g4 Bg6 10. h4 Bd6 11. Qe2 Bb4 12. h5 Bxc3 13. hxg6 Bxd2+ 14. Qxd2 fxg6 15. Nxg6 Rg8 16. Ne5 Nd5 17. Rxh7 Nd7 18. Nxd7 Qxd7 19. Rh3 Nb6 20. Bxe6 Qxe6+ 21. Re3 Qxe3+ 22. Qxe3+ Kd7 23. 0-0-0 Nd5 24. Qg5 Rae8 25. c4 Nf6 26. Qf5+ Kc7 27. g5 Nd7 28. Qa5+ Kb8 29. Rd3 Rgf8 30. Ra3 a6 31. f3 Re6 32. Kd1 Rd6 33. Rd3 Re8 34. Qc3 Rg6 35. Re3 Rge6 36. Rxe6 Rxe6 37. d5 Rg6 38. dxc6 bxc6 39. Qd2 Ne5 40. Qd8+ Kb7 41. Qe7+ Kb6 42. Qxe5 1-0

[Event "ROM-ch U16 Girls"]
[Site "Calimanesti"]
[Date "2014.04.13"]
[Round "9"]
[White "Angheluta, Raluca"]
[Black "Ciungan, Diana Alexandra"]
[Result "0-1"]
[WhiteElo "1327"]
[BlackElo "1772"]
[PlyCount "118"]
[EventDate "2014.04.06"]
[EventType "swiss"]
[EventRounds "9"]
[EventCountry "ROU"]
[SourceTitle "CBM 160 Extra"]
[Source "ChessBase"]
[SourceDate "2014.07.01"]
[SourceVersion "1"]
[SourceVersionDate "2014.07.01"]
[SourceQuality "1"]

1. c4 e5 2. Nc3 Nc6 3. e4 Bc5 4. g3 a6 5. d3 d6 6. Bg2 f5 7. Nge2 Nf6 8. h3 Be6 9. 0-0 fxe4 10. Nxe4 Nxe4 11. dxe4 Bxc4 12. b3 Be6 13. Kh2 0-0 14. f4 exf4 15. Nxf4 Qd7 16. Re1 Bd4 17. Rb1 Be5 18. Nxe6 Qxe6 19. Bb2 Rf2 20. Qd5 Re8 21. Bxe5 Qxd5 22. exd5 Nxe5 23. Kg1 Rxa2 24. Rec1 Re7 25. Re1 Kf8 26. Re3 Rf7 27. Rf1 Rxf1+ 28. Kxf1 Ke7 29. Be4 h6 30. Bf5 a5 31. Bc8 b6 32. Re2 Rxe2 33. Kxe2 c5 34. Ba6 Kf6 35. Ke3 Kg5 36. Bb5 h5 37. Ke4 Nf7 38. Bc4 Nh6 39. Bd3 Nf5 40. h4+ Kf6 41. Kf4 Nd4 42. Bc4 b5 43. Bf1 a4 44. bxa4 bxa4 45. Bc4 a3 46. Ba2 Ne2+ 47. Kf3 Nc3 48. Bc4 a2 49. Bxa2 Nxa2 50. Ke4 Nc3+ 51. Kd3 Nxd5 52. Kc4 Ke5 53. Kd3 c4+ 54. Kxc4 Ne3+ 55. Kd3 Nf5 56. Kd2 Ke4 57. Ke2 Nxg3+ 58. Kd2 d5 59. Kd1 d4 0-1

[Event "ROM-ch U16 Girls"]
[Site "Calimanesti"]
[Date "2014.04.11"]
[Round "7"]
[White "Morar, Maria Magdalena"]
[Black "Angheluta, Raluca"]
[Result "1-0"]
[WhiteElo "1510"]
[BlackElo "1327"]
[PlyCount "119"]
[EventDate "2014.04.06"]
[EventType "swiss"]
[EventRounds "9"]
[EventCountry "ROU"]
[SourceTitle "CBM 160 Extra"]
[Source "ChessBase"]
[SourceDate "2014.07.01"]
[SourceVersion "1"]
[SourceVersionDate "2014.07.01"]
[SourceQuality "1"]

1. e4 d5 2. exd5 Qxd5 3. d4 c6 4. Nf3 Bg4 5. Be2 Nf6 6. c4 Qd8 7. Nc3 e6 8. a3 Bd6 9. Bg5 Be7 10. 0-0 0-0 11. Ne5 Bxe2 12. Nxe2 Nbd7 13. Nf3 Ne4 14. Bxe7 Qxe7 15. Qd3 Ndf6 16. Ne5 Rad8 17. f3 Nd6 18. c5 Nf5 19. Kh1 Nd7 20. f4 Nxc5 21. Qc3 Na6 22. b4 Nc7 23. g4 Nb5 24. Qc5 Qxc5 25. dxc5 Ne3 26. Rf3 Nc2 27. Rg1 Nbxa3 28. g5 g6 29. h4 Nb5 30. Nd3 Ncd4 31. Nxd4 Nxd4 32. Rh3 Ne2 33. Rg2 Rxd3 34. Rxd3 Nxf4 35. Rd7 Nxg2 36. Kxg2 b6 37. Rxa7 bxc5 38. bxc5 Rc8 39. Ra6 Rc7 40. Kg3 Kg7 41. Kf4 f6 42. Ra8 fxg5+ 43. hxg5 h6 44. Re8 Kf7 45. Rh8 h5 46. Rh7+ Kg8 47. Rxc7 h4 48. Kg4 e5 49. Re7 e4 50. Rxe4 h3 51. Kxh3 Kf7 52. Kg4 Kf8 53. Re6 Kf7 54. Rxc6 Kg7 55. Rf6 Kh7 56. c6 Kg7 57. c7 Kh7 58. c8Q Kg7 59. Qf8+ Kh7 60. Rf7# 1-0

[Event "ROM-ch U16 Girls"]
[Site "Calimanesti"]
[Date "2014.04.09"]
[Round "4"]
[White "Angheluta, Raluca"]
[Black "Cusmuliuc, Diana Elena"]
[Result "0-1"]
[WhiteElo "1327"]
[BlackElo "1831"]
[PlyCount "94"]
[EventDate "2014.04.06"]
[EventType "swiss"]
[EventRounds "9"]
[EventCountry "ROU"]
[SourceTitle "CBM 160 Extra"]
[Source "ChessBase"]
[SourceDate "2014.07.01"]
[SourceVersion "1"]
[SourceVersionDate "2014.07.01"]
[SourceQuality "1"]

1. c4 e5 2. Nc3 Nc6 3. e4 g6 4. d3 Bg7 5. Nge2 d6 6. g3 Bg4 7. Bg2 Nd4 8. 0-0 Nf3+ 9. Bxf3 Bxf3 10. h3 Qd7 11. Kh2 h6 12. Qc2 g5 13. Ng1 Bh5 14. Nd5 Ne7 15. Be3 Bg6 16. c5 Nxd5 17. exd5 dxc5 18. Qxc5 Bf8 19. Qc4 Bd6 20. Rad1 0-0 21. Bc5 Rac8 22. Be3 Rfd8 23. Qb3 b6 24. Bd2 Bf8 25. Be3 Qxd5 26. Qxd5 Rxd5 27. Rfe1 f6 28. d4 Rcd8 29. Nf3 c5 30. Rc1 e4 31. Ng1 cxd4 32. Bd2 Rb5 33. b3 Bb4 34. Red1 Ba3 35. Rc7 e3 36. Bxe3 d3 37. Rxa7 Bc5 38. Ra4 Bxe3 39. fxe3 Rc5 40. Rc4 Re5 41. Rc6 Rxe3 42. Rxf6 Kg7 43. Rf2 Be4 44. Rfd2 Rc8 45. g4 h5 46. Rf1 hxg4 47. Rdf2 g3# 0-1

[Event "ROM-ch U16 Girls"]
[Site "Calimanesti"]
[Date "2014.04.08"]
[Round "3"]
[White "Angheluta, Raluca"]
[Black "Salim, Arzu"]
[Result "1-0"]
[WhiteElo "1327"]
[BlackElo "1536"]
[PlyCount "79"]
[EventDate "2014.04.06"]
[EventType "swiss"]
[EventRounds "9"]
[EventCountry "ROU"]
[SourceTitle "CBM 160 Extra"]
[Source "ChessBase"]
[SourceDate "2014.07.01"]
[SourceVersion "1"]
[SourceVersionDate "2014.07.01"]
[SourceQuality "1"]

1. c4 c5 2. Nc3 Nc6 3. e4 g6 4. d3 Bg7 5. Nge2 d6 6. g3 Nf6 7. Bg2 0-0 8. 0-0 a6 9. a4 Bd7 10. Rb1 Rb8 11. Bd2 Ne8 12. Nd5 Nd4 13. Nxd4 Bxd4 14. b4 e6 15. Nf4 Nc7 16. b5 axb5 17. axb5 e5 18. Ne2 Ra8 19. Nxd4 exd4 20. e5 dxe5 21. Bxb7 Rb8 22. Bg2 Qc8 23. f4 Bf5 24. Qe2 f6 25. fxe5 Re8 26. Rfe1 Rxe5 27. Qf3 Rb6 28. Bf4 Rxe1+ 29. Rxe1 Ne6 30. g4 Bxd3 31. Qxd3 Nxf4 32. Qg3 Nxg2 33. Qxg2 Qb8 34. Ra1 Qb7 35. Ra8+ Kg7 36. Qxb7+ Rxb7 37. Kf2 Rc7 38. b6 Rb7 39. Ra7 Rxa7 40. bxa7 1-0

[Event "ROM-ch U16 Girls"]
[Site "Calimanesti"]
[Date "2014.04.06"]
[Round "1"]
[White "Corolea, Diana Gabriela"]
[Black "Angheluta, Raluca"]
[Result "1-0"]
[WhiteElo "1598"]
[BlackElo "1327"]
[PlyCount "91"]
[EventDate "2014.04.06"]
[EventType "swiss"]
[EventRounds "9"]
[EventCountry "ROU"]
[SourceTitle "CBM 160 Extra"]
[Source "ChessBase"]
[SourceDate "2014.07.01"]
[SourceVersion "1"]
[SourceVersionDate "2014.07.01"]
[SourceQuality "1"]

1. e4 d5 2. exd5 Qxd5 3. Nc3 Qa5 4. d4 c6 5. Bd2 Qc7 6. Bc4 Bf5 7. Nge2 e6 8. Bb3 Bd6 9. Ng3 Bg6 10. Qf3 Nf6 11. 0-0 0-0 12. h4 Bxg3 13. fxg3 Rd8 14. Bf4 Qe7 15. Be5 Nbd7 16. g4 Nxe5 17. dxe5 Qc5+ 18. Kh1 Qxe5 19. Rae1 Qc7 20. h5 Bxh5 21. gxh5 Rd4 22. Ne4 Qa5 23. Nxf6+ gxf6 24. Qxf6 Qxh5+ 25. Kg1 Rad8 26. Re5 Qxe5 27. Qxe5 Rg4 28. Bxe6 Rg7 29. Bxf7+ Rxf7 30. Qg5+ Kf8 31. Qxd8+ Kg7 32. Rxf7+ Kxf7 33. Kf2 Ke6 34. Ke3 a6 35. Ke4 b5 36. Qb6 Kd6 37. Kd4 h6 38. Qc5+ Kc7 39. Ke5 h5 40. b4 h4 41. Qd6+ Kb6 42. Qd8+ Kb7 43. Kd6 h3 44. Qc7+ Ka8 45. Kxc6 a5 46. Qb7# 1-0

[Event "ROM-ch U10 Girls"]
[Site "Voineasa"]
[Date "2008.04.17"]
[Round "8"]
[White "Costachescu, Sonia Maria"]
[Black "Angheluta, Raluca"]
[Result "0-1"]
[WhiteElo "401"]
[BlackElo "569"]
[PlyCount "66"]
[EventDate "2008.04.08"]
[EventType "swiss"]
[EventRounds "9"]
[EventCountry "ROU"]
[SourceTitle "EXT 2013"]
[Source "ChessBase"]
[SourceDate "2012.11.22"]
[SourceVersion "1"]
[SourceVersionDate "2012.11.22"]
[SourceQuality "1"]

1. e4 e5 2. Nf3 d6 3. d4 Nc6 4. dxe5 dxe5 5. Qxd8+ Kxd8 6. Bc4 f6 7. 0-0 Bd6 8. Rd1 Nge7 9. h3 Bd7 10. Nc3 b6 11. Nd5 Kc8 12. Nxe7+ Nxe7 13. Ba6+ Kd8 14. Be3 Rb8 15. Rd2 b5 16. Bxa7 Ra8 17. Bb7 Rxa7 18. Bd5 Nxd5 19. exd5 g6 20. b3 f5 21. c4 bxc4 22. bxc4 e4 23. Ng5 Ke7 24. Rb1 Bf4 25. Rd4 Bxg5 26. c5 Bf6 27. d6+ Ke6 28. Rd2 cxd6 29. Rxd6+ Ke7 30. Rbb6 Be5 31. Rd5 Bc7 32. Rb4 Rxa2 33. Rb7 Ra1+ 0-1

[Event "ROM-ch U10 Girls"]
[Site "Voineasa"]
[Date "2008.04.16"]
[Round "7"]
[White "Angheluta, Raluca"]
[Black "Hategan, Ecaterina Dalia"]
[Result "1-0"]
[WhiteElo "569"]
[BlackElo "401"]
[PlyCount "55"]
[EventDate "2008.04.08"]
[EventType "swiss"]
[EventRounds "9"]
[EventCountry "ROU"]
[SourceTitle "EXT 2013"]
[Source "ChessBase"]
[SourceDate "2012.11.22"]
[SourceVersion "1"]
[SourceVersionDate "2012.11.22"]
[SourceQuality "1"]

1. e4 e5 2. Nf3 Nc6 3. Bc4 Bc5 4. 0-0 Nf6 5. d3 d6 6. a3 Qe7 7. b4 Bd4 8. c3 Bb6 9. a4 Bg4 10. a5 0-0 11. axb6 axb6 12. Rxa8 Rxa8 13. Nbd2 Nh5 14. h3 Be6 15. Nxe5 Nxe5 16. Qxh5 Bd7 17. Nf3 g6 18. Qg5 Qe8 19. Nxe5 dxe5 20. Qf6 Qf8 21. Qxe5 Re8 22. Qxc7 g5 23. Qxd7 Re7 24. Qg4 Qh6 25. Qxg5+ Qg6 26. Qxg6+ hxg6 27. Bb2 Re8 28. Ra1 1-0

[Event "ROM-ch U10 Girls"]
[Site "Voineasa"]
[Date "2008.04.15"]
[Round "5"]
[White "Angheluta, Raluca"]
[Black "Munteanu, Ariadna"]
[Result "0-1"]
[WhiteElo "569"]
[BlackElo "401"]
[PlyCount "124"]
[EventDate "2008.04.08"]
[EventType "swiss"]
[EventRounds "9"]
[EventCountry "ROU"]
[SourceTitle "EXT 2013"]
[Source "ChessBase"]
[SourceDate "2012.11.22"]
[SourceVersion "1"]
[SourceVersionDate "2012.11.22"]
[SourceQuality "1"]

1. e4 e5 2. Nf3 d6 3. Bc4 Bg4 4. h3 Bxf3 5. Qxf3 Qf6 6. Qxf6 Nxf6 7. 0-0 Nxe4 8. d3 Nc5 9. Be3 Ncd7 10. Nc3 Nc6 11. Rfe1 Nb4 12. Bb3 Be7 13. Nb5 0-0-0 14. Nxa7+ Kb8 15. Nb5 d5 16. Ba7+ Ka8 17. Be3 Nc5 18. Nxc7+ Kb8 19. Nb5 Nxb3 20. cxb3 Nc2 21. Bb6 Nxe1 22. Bxd8 Bxd8 23. Rxe1 Re8 24. d4 f6 25. f4 e4 26. Nc3 f5 27. Nxd5 Bf6 28. Nxf6 gxf6 29. g4 Rg8 30. Kh2 fxg4 31. hxg4 Rxg4 32. Rxe4 f5 33. Kh3 Kc7 34. d5 h5 35. Rd4 Kd6 36. a4 Kc5 37. d6 Kxd4 38. d7 Rg8 39. Kh4 Ke4 40. Kxh5 Kxf4 41. b4 Rd8 42. b3 Rxd7 43. b5 b6 44. b4 Rd4 45. a5 bxa5 46. bxa5 Ra4 47. a6 Ra5 48. Kh4 Ke4 49. Kg3 f4+ 50. Kf2 Rxb5 51. a7 Ra5 52. a8Q+ Rxa8 53. Kf1 Ra1+ 54. Kf2 f3 55. Kg3 Ke3 56. Kg4 f2 57. Kg3 f1Q 58. Kg4 Qf4+ 59. Kh5 Ra5+ 60. Kg6 Qd6+ 61. Kf7 Ra7+ 62. Kg8 Qd8# 0-1

[Event "ROM-ch U10 Girls"]
[Site "Voineasa"]
[Date "2008.04.13"]
[Round "3"]
[White "Angheluta, Raluca"]
[Black "Dragnea, Bianca Alisa"]
[Result "0-1"]
[WhiteElo "569"]
[BlackElo "408"]
[PlyCount "88"]
[EventDate "2008.04.08"]
[EventType "swiss"]
[EventRounds "9"]
[EventCountry "ROU"]
[SourceTitle "EXT 2013"]
[Source "ChessBase"]
[SourceDate "2012.11.22"]
[SourceVersion "1"]
[SourceVersionDate "2012.11.22"]
[SourceQuality "1"]

1. e4 e5 2. Nf3 Nc6 3. Bb5 Nd4 4. Nxd4 exd4 5. Be2 Nf6 6. d3 Bc5 7. Bg5 0-0 8. 0-0 d6 9. Nd2 Be6 10. f4 h6 11. Bxf6 Qxf6 12. Bg4 Rfe8 13. f5 Bd7 14. h3 Rac8 15. Kh1 Bc6 16. a3 a5 17. b3 Qg5 18. a4 h5 19. Bxh5 Re7 20. Bg4 d5 21. Bf3 Bd6 22. Re1 Qg3 23. Nf1 Qe5 24. Qe2 Rce8 25. Qf2 dxe4 26. dxe4 b5 27. Re2 bxa4 28. bxa4 Bb7 29. Rae1 Ba6 30. Rd2 Bxf1 31. Kg1 Ba6 32. Be2 Qh2+ 33. Kf1 Bxe2+ 34. Rexe2 Bg3 35. Qg1 Qxg1+ 36. Kxg1 Rxe4 37. Rxe4 Rxe4 38. Rd1 c5 39. Kf1 c4 40. Kg1 d3 41. c3 f6 42. Kf1 d2 43. h4 Re1+ 44. Rxe1 dxe1R# 0-1

[Event "ROM-ch U10 Girls"]
[Site "Voineasa"]
[Date "2008.04.12"]
[Round "1"]
[White "Angheluta, Raluca"]
[Black "Ardelean, Lorela Daniela"]
[Result "0-1"]
[WhiteElo "569"]
[BlackElo "411"]
[PlyCount "64"]
[EventDate "2008.04.08"]
[EventType "swiss"]
[EventRounds "9"]
[EventCountry "ROU"]
[SourceTitle "EXT 2013"]
[Source "ChessBase"]
[SourceDate "2012.11.22"]
[SourceVersion "1"]
[SourceVersionDate "2012.11.22"]
[SourceQuality "1"]

1. e4 c5 2. d3 e6 3. Nc3 Qc7 4. Bd2 a6 5. Be2 d6 6. Nf3 Nf6 7. 0-0 Nbd7 8. a3 b6 9. b3 Bb7 10. a4 Be7 11. Bg5 0-0-0 12. h3 h5 13. Bxf6 Bxf6 14. Qd2 Rdg8 15. Ng5 Ne5 16. Rac1 Qe7 17. Nf3 Ng4 18. hxg4 hxg4 19. Nh2 Rh7 20. Bxg4 Rgh8 21. Bh3 g5 22. Nd5 Bxd5 23. exd5 Be5 24. dxe6 fxe6 25. f3 Bf4 26. Qe2 Bxc1 27. Bxe6+ Kc7 28. d4 Bf4 29. Ng4 Qg7 30. Bf5 Qxd4+ 31. Ne3 Bxe3+ 32. Qxe3 Qxe3+ 0-1